Las cosas que no nos dijimos / (Registro nro. 33239)
[ vista simple ]
| 000 -CABECERA | |
|---|---|
| Longitud fija campo de control | 00870nam a2200253 a 4500 |
| 003 - • IDENTIFICADOR DELl NÚMERO DE CONTROL | |
| Identificador del número de control | CO-ViMGA |
| 008 - • CÓDIGOS DE INFORMACIÓN DE LONGITUD FIJA | |
| Códigos de información de longitud fija | 141112s2004 ck r 000 u spa d |
| 020 ## - • NÚMERO INTERNACIONAL NORMALIZADO PARA LIBROS | |
| Número Internacional Normalizado para Libros (ISBN) | 9788408094036 |
| 040 ## - FUENTE DE LA CATALOGACIÓN | |
| Centro catalogador de origen | CO-ViMGA |
| Lengua de catalogación | spa |
| Centro transcriptor | CO-ViMGA |
| 041 ## - • CÓDIGO DE LENGUA | |
| Código de lengua del texto/banda sonora o título independiente | spa fre |
| 082 04 - • NÚMERO DE LA CLASIFICACIÓN DECIMAL DEWEY | |
| Número de clasificación (R) | 843.92 L28C |
| 100 1# - • PUNTO DE ACCESO PRINCIPAL-NOMBRE DE PERSONA | |
| Nombre de persona | Levy, Marc, 1961 - |
| 245 10 - • TITULO PROPIAMENTE DICHO | |
| Título | Las cosas que no nos dijimos / |
| Mención de responsabilidad, etc. | Marc Levy ; traducción de Isabel González - Gallarza |
| 250 ## - • MENCIÓN DE EDICIÓN | |
| Mención de edición | 1a. ed., 10a. impresión |
| 300 ## - • DESCRIPCIÓN FÍSICA | |
| Extensión | 346 p. ; 19 cm |
| 490 ## - • MENCIÓN DE SERIE | |
| Mención de serie | Booket. Novela; 2319 |
| 500 ## - • NOTA GENERAL | |
| Nota general | Incluye datos biográficos del autor |
| 650 14 - • PUNTO DE ACCESO ADICIONAL DE MATERIA - TÉRMINO DE MATERIA | |
| Término de materia o nombre geográfico como elemento inicial | Novela francesa - Siglo XXI |
| 917 ## - | |
| -- | 2014 - 3390 1 ejemplar (importado) |
| 942 ## - ENTRADA DE ELEMENTOS AGREGADOS (KOHA) | |
| Fuente de clasificaión o esquema | Dewey Decimal Classification |
| Koha [por defecto] tipo de item | LIbro |
| 990 ## - EQUIVALENCIA O SECCIÓN-REFERENCIA [LOCAL, CANADA] | |
| Enlace de información para campos 9XX | 2014 - 3390 Grupo Planeta 1 ejemplar (importado) 21 25/03/2014 a917685 19/03/2014 17/03/2014 |
| Perdido | Fuente de clasificación o esquema | Estado Físico | No para préstamo | Forma de adquisición | Localización permanente | Localización actual | Fecha adquisición | Serie de enumeración / cronolog&íacute;a | Préstamos totales | Signatura completa | Código de barras | Fecha última consulta | Número de copia | Fecha del precio de reemplazo | Tipo de item de Koha |
|---|---|---|---|---|---|---|---|---|---|---|---|---|---|---|---|
| Dewey Decimal Classification | Sala General Segundo Piso | Biblioteca Pública Germán Arciniegas - Villavicencio | Biblioteca Pública Germán Arciniegas - Villavicencio | 12/04/2015 | 24/oct/2014 | 843.92 L28C | 27285 | 12/04/2015 | Ej. 1 | 12/04/2015 | LIbro |